00630nam a22001937a 450000500170000001000150001702000260003203500130005803700130007108200170008410000200010124500980012126000420021927000720026130000260033350000400035970000130039970000240041220140909155245.0 aENG-110776 a9788183876551c995.00 aEN-94308 bDBAD/PUB a305.42095484 aVanajamma, K.H. aSocio-economic dimensions of rural women /cby K.H. Vanajmma , G.Raju [and] G. Sathyanarayana aNew DelhibSerials Publicationsc2014 a4830/24, Prahlad Street, Ansari Road, Darya GanjbNew Delhie110002 aviii,219p. c22cm(Hb) aIncludes bibliographical references aRaju, G. aSathyanarayana, G.